| 000 | 00934nam a22001935i 4500 | ||
|---|---|---|---|
| 001 | 155452 | ||
| 003 | ES-MaACL | ||
| 005 | 20250724015107.0 | ||
| 008 | 040721s1840 sp |||| | spa d | ||
| 040 |
_aCAM _bspa _cCAM |
||
| 100 | 0 |
_aHipócrates. _963793 |
|
| 245 | 1 | 0 |
_aAforismos de Hipócrates en latin y castellano _b: traduccion nueva, arreglada á las mas correctas interpretaciones del texto griego, con pocas y breves notas en ilustracion de los lugares oscuros, para comodidad de los alumnos del arte de curar, asi latinos como romanos / _cobra postuma del Dr. Garcia Suelto. |
| 260 |
_aValencia : _b[s.n.], _c1840 ( _fImprenta de Cabrerizo) |
||
| 300 |
_aXI, 240 p. ; _c11 cm. |
||
| 650 | 0 | 4 |
_aMedicina- _vObras anteriores a 1800 _914912 |
| 700 | 1 |
_aGarcía Suelto. _9127222 |
|
| 852 |
_aES-MaACL _jR-1784 _z-- Enc. pasta española _z-- Ex-libris ms. de R. Alvarez Olim: D-4040 |
||
| 999 |
_c155452 _d155452 |
||